00523nam a2200181Ia 4500008004100000082000800041100001400049245004300063250000600106260003400112300001000146500002400156650002300180700002400203942000700227952009000234999001700324230524s9999 xx 000 0 und d bACH aM.Acharya 0aEngineering Mathamatics with Calculus a3 aBBSRbAlok Publicationsc2005 a468p; aQuantity Number: 1 aMathamatics942096 a T.Psatapath942097 cBK 00104070aTATCLbTATCLcGENd2023-05-24l0o ACHp53929r2023-05-24w2023-05-24yBK c56503d56503